000 00736cam a22002653a 4500
001 1077
003 PGUSA
005 20140828082956.0
008 971001s1997||||xxu|||||s|||||000 1 eng d
040 _aPGUSA
_beng
042 _adc
050 4 _aPR
100 1 _aBramah, Ernest,
_d1867-1942
245 1 4 _aThe Mirror of Kong Ho
_h[electronic resource] /
_cErnest Bramah
260 _bProject Gutenberg,
_c1997
506 _aPublic domain in the USA.
516 _aElectronic text
653 _aHumorous stories
653 _aChinese -- England -- Fiction
653 _aEpistolary fiction
653 _aEngland -- Fiction
830 0 _aProject Gutenberg
_v1077
856 4 0 _uhttp://www.gutenberg.org/ebooks/1077
942 _cEB
999 _c230425
_d230425